书目信息 |
| 题名: |
新居净化空气与有毒植物图鉴
|
|
| 作者: | 邹建中 , 马骁勇 主编 | |
| 分册: | ||
| 出版信息: | 北京 化学工业出版社 2007 |
|
| 页数: | 113页 | |
| 开本: | 24cm | |
| 丛书名: | ||
| 单 册: | ||
| 中图分类: | S68 , S459 | |
| 科图分类: | ||
| 主题词: | 植物--应用--空气净化--基本知识 , 有毒植物--基本知识 , 植物 , 有毒植物 , 空气净化 , 观赏园艺 , 花卉 , 园林树木 | |
| 电子资源: | ||
| ISBN: | 978-7-122-00242-6 | |
| 000 | 01183nam0 2200349 450 | |
| 001 | 003549437 | |
| 005 | 20080305081528.76 | |
| 010 | @a978-7-122-00242-6@dCNY29.00 | |
| 035 | @a003549437 | |
| 100 | @a20070327d2007 em y0chiy0110 ea | |
| 101 | 0 | @achi |
| 102 | @aCN@b110000 | |
| 105 | @aa z 000yy | |
| 106 | @ar | |
| 200 | 1 | @a新居净化空气与有毒植物图鉴@Axin ju jing hua kong qi yu you du zhi wu tu jian@f邹建中,马骁勇主编 |
| 210 | @a北京@c化学工业出版社@d2007 | |
| 215 | @a113页@d24cm | |
| 330 | @a本书在着重介绍能够吸收有害气体的80种植物的同时,也列举了日常生活中常见的30种有毒植物。对于净化空气植物,介绍的项目包括:概述、净化空气功能、摆放位置、养护要点、小贴士等。对于有毒植物,介绍的项目一般包括:概述、中毒症状、中毒途径、注意事项等。 | |
| 606 | 0 | @a植物@x应用@x空气净化@x基本知识 |
| 606 | 0 | @a有毒植物@x基本知识 |
| 606 | 0 | @a植物 |
| 606 | 0 | @a有毒植物 |
| 606 | 0 | @a空气净化 |
| 606 | 0 | @a观赏园艺 |
| 606 | 0 | @a花卉 |
| 606 | 0 | @a园林树木 |
| 690 | @aS68@v4 | |
| 690 | @aS459@v4 | |
| 701 | 0 | @a邹建中@Azou jian zhong@f(1956.2~)@4主编 |
| 701 | 0 | @a马骁勇@Ama xiao yong@c(观赏园艺)@4主编 |
| 801 | 0 | @aCN@bNLC@c20080305 |
| 905 | @dS68@e180@f4 | |
| 新居净化空气与有毒植物图鉴/邹建中,马骁勇主编.-北京:化学工业出版社,2007 |
| 113页;24cm |
| ISBN 978-7-122-00242-6:CNY29.00 |
| 本书在着重介绍能够吸收有害气体的80种植物的同时,也列举了日常生活中常见的30种有毒植物。对于净化空气植物,介绍的项目包括:概述、净化空气功能、摆放位置、养护要点、小贴士等。对于有毒植物,介绍的项目一般包括:概述、中毒症状、中毒途径、注意事项等。 |
| ● |
| 相关链接 |
|
|
|
|
正题名:新居净化空气与有毒植物图鉴
索取号:S68/180
 
预约/预借
| 序号 | 登录号 | 条形码 | 馆藏地/架位号 | 状态 | 备注 |
| 1 | 0614469 | 206144698 | 第二样本阅览室/ [索取号:S68/180] | 在馆 | |
| 2 | 0614470 | 206144705 | 第三借阅区/ [索取号:S68/180] | 在馆 | |
| 3 | 0614471 | 206144714 | 第三借阅区/ [索取号:S68/180] | 在馆 | |
| 4 | 0614472 | 206144723 | 第三借阅区/ [索取号:S68/180] | 在馆 |